00906nam a2200253u 450000100060000000300080000600500170001400800390003103500190007004000240008904100080011308200220012110000290014324500840017226000550025630000240031150400200033565000310035565100440038674000470043094200120047799900170048995201460050634868BD-RjUL20211209052226.0140519s1964 cau 001 0 eng a(BD-RjUL)34962 aDLCcCarPdDLCbeng aeng a301.952bPLA 19641 aPlath, David W. 910613614aThe After Hours /b Modeer japan and the search for Enjoyment /cDavid W. Plath aBerkeley :bUniversity of California Press,c1964. axi, 222 p. ;c21cm. aIncludes index. 0aRecreationzJapan.9106137 0aJapanxSocial life and customs.91061380 aModern Japan and the search for enjoyment. 2ddccBK c34868d34868 00102ddc40718NFICaRUCLbRUCLcReadingd1979-04-25eJapan foundationg0.00l0o301.952 PLA 1964r2014-05-19 00:00:00tC-1w2014-05-19yBK